20 Ciudades Europeas En Un Mapa Pero Han Sido Traducidas Al Azar #2 - Estadísticas

Estadísticas generales
  • Esta prueba ha sido intentada 249 veces
  • La puntuación promedio es 13 de 20
Respuestas en el mapa
Las respuestas están codificadas por una escala verde-roja en el mapa de la prueba según el % correcto abajo.
 
Estadísticas de respuestas
Nombre Traducido Ciudad Idioma Al Que Había Sido Traducido % Correcto
Sarayevo Sarajevo Suajili
98%
Lizbona Lisboa Portugués
97%
Boekarest Bucarest Neerlandés
96%
Kieu Kyiv Māori
94%
Zagabria Zagreb Italiano
90%
Pampelune Pamplona Francés
89%
Budimpešta Budapest Bosnio
88%
Lussimbourk Luxemburgo Picardo
83%
Krakkó Cracovia Húngaro
81%
Marsejë Marsella Albanés
81%
Birminhem Birmingham Azerí
79%
Geneva Ginebra Inglés
73%
Salonic Tesalónica Rumano
71%
Eindhovenas Eindhoven Lituano
63%
Tukholma Estocolmo Finlandés
44%
Grunneng Groningen Bajo Alemán
24%
Björgvin Bergen Islandés
15%
Stettin Szczecin Alemán
12%
Filibe Plovdiv Turco
6%
Pleskava Pskov Letón
4%
No se encontraron pruebas coincidentes
Distribución de puntuación
Porcentaje de gente con cada puntuación
Porcentaje por número respondido
Historial de tus puntuaciones
No has intentado esta prueba.